Dokończ tytuł - literatura. - Statystyki

Ogólne statystyki
  • Ten quiz został rozwiązany 428 razy
  • Średni wynik to 9 z 16
Statystyki odpowiedzi
Autor Początek tytułu Tytuł % Poprawnych
Henryk Sienkiewicz Ogniem i ..... Ogniem i mieczem
98%
William Szekspir Romeo i ..... Romeo i Julia
98%
Fiodor Dostojewski Zbrodnia i ..... Zbrodnia i kara
98%
Maria Dąbrowska Noce i ..... Noce i dnie
95%
Ernest Hemingway Stary człowiek i ..... Stary człowiek i morze
93%
Michaił Bułhakow Mistrz i ..... Mistrz i Małgorzata
87%
Jane Austen Duma i ..... Duma i uprzedzenie
77%
Lew Tołstoj Wojna i ..... Wojna i pokój
73%
Stendhal Czerwone i ..... Czerwone i czarne
57%
John Steinbeck Myszy i ..... Myszy i ludzie
36%
Mark Twain Książę i ..... Książę i żebrak
34%
William Thackeray Pierścień i ..... Pierścień i róża
21%
Jarosław Iwaszkiewicz Sława i ..... Sława i chwała
21%
Francois Rabelais Gargantua i ..... Gargantua i Pantagruel
18%
Iwan Turgieniew Ojcowie i ..... Ojcowie i dzieci
17%
Norman Mailer Nadzy i ..... Nadzy i martwi
4%
Nie znaleziono quizów pasujących do podanych kryteriów
Rozkład punktacji
Procent ludzi z każdym wynikiem
Percentyl według liczby udzielonych odpowiedzi
Twoja historia wyników
Nie rozwiązałeś tego quizu